Хиромантия (Запись № 6234795)

Подробности
000 -МАРКЕР
контрольное поле 01722nam0a22003371 4500
001 - ИДЕНТИФИКАТОР ЗАПИСИ
контрольное поле v19\rc\1846639
005 - ИДЕНТИФИКАТОР ВЕРСИИ
контрольное поле 20260407070320.0
035 ## - ДРУГИЕ СИСТЕМНЫЕ НОМЕРА
Идентификатор записи (NLR Aleph) 004985975
100 ## - ДАННЫЕ ОБЩЕЙ ОБРАБОТКИ
Данные общей обработки 20080221d1909 |||y0rusy50 ca
101 1# - ЯЗЫК РЕСУРСА
Язык текста, звукозаписи и т.д. русский
Язык оригинала французский
102 ## - СТРАНА ПУБЛИКАЦИИ ИЛИ ПРОИЗВОДСТВА
Страна публикации Российская Федерация
105 ## - ПОЛЕ КОДИРОВАННЫХ ДАННЫХ: ТЕКСТОВЫЕ МАТЕРИАЛЫ, МОНОГРАФИЧЕСКИЕ
Кодированные данные о монографическом текстовом документе a z |||||
200 1# - ЗАГЛАВИЕ И СВЕДЕНИЯ ОБ ОТВЕТСТВЕННОСТИ
Основное заглавие Хиромантия
Сведения, относящиеся к заглавию (Тайны руки)
-- Полн. руководство к определению типа, характера, наклонностей человека в его прошедшем, настоящем и будущем
-- Пер. с послед. фр. изд.
Первые сведения об ответственности Соч. фр. известнейш. писателя, проф. мат.-астрон. и астрол. наук,... д-ра мед. и физики Папюса
Последующие сведения об ответственности С объясн. знаменитого хироманта Дебаролль
205 ## - СВЕДЕНИЯ ОБ ИЗДАНИИ
Сведения об издании [6-е изд., доп.]
210 ## - ПУБЛИКАЦИЯ, РАСПРОСТРАНЕНИЕ И ДР.
Место издания, распространения и т.д. Москва
Имя издателя, распространителя и т. д. тип. "Рус. труд"
Дата издания, распространения и т.д. 1909
215 ## - ФИЗИЧЕСКАЯ ХАРАКТЕРИСТИКА
Специфическое обозначение материала и объем 162 с.
Другие сведения о физической характеристике ил.
300 ## - ОБЩИЕ ПРИМЕЧАНИЯ
Текст примечания Авт. установлен по кат. РНБ
316 ## - ПРИМЕЧАНИЯ ОБ ОСОБЕННОСТЯХ ЭКЗЕМПЛЯРА
Текст примечания Экз. РНБ (38.25.8.80): 2-й экз. деф.: отсутствует обл.
Организация и экземпляр, к которому относится поле NLR: 38.25.8.80
517 0# - ДРУГИЕ ВАРИАНТЫ ЗАГЛАВИЯ
Вариант заглавия Тайны руки
700 #0 - ИМЯ ЛИЦА - ПЕРВИЧНАЯ ОТВЕТСТВЕННОСТЬ
Код отношения Автор
Материалы, к которым относится поле rus
Графика поля Кириллица
Начальный элемент ввода Папюс
Дополнения к именам, кроме дат псевдоним
Даты 1865-1916
Идентификатор авторитетной/нормативной записи RU\NLR\AUTH\770139250
Системный номер авторитетной/нормативной записи 139215
702 #1 - ИМЯ ЛИЦА - ВТОРИЧНАЯ ОТВЕТСТВЕННОСТЬ
Код отношения Комментатор печатного текста
Материалы, к которым относится поле rus
Графика поля Кириллица
Начальный элемент ввода Дебарроль
Часть имени, кроме начального элемента ввода А.
Даты 1861-1886
Расширение инициалов личного имени Адольф
Идентификатор авторитетной/нормативной записи RU\NLR\AUTH\7710982
Системный номер авторитетной/нормативной записи 120741
790 #0 - ИМЯ ЛИЦА - АЛЬТЕРНАТИВНАЯ ФОРМА
Код отношения Автор
Материалы, к которым относится поле rus
Графика поля Кириллица
Начальный элемент ввода Папюс
Дополнения к именам, кроме дат псевдоним
Даты 1865-1916
Идентификатор авторитетной/нормативной записи RU\NLR\AUTH\770139250
Системный номер авторитетной/нормативной записи 139215
801 #0 - ИСТОЧНИК ЗАПИСИ
Страна Российская Федерация
Организация NLR
Правила каталогизации psbo
801 #0 - ИСТОЧНИК ЗАПИСИ
Страна Российская Федерация
Организация RuMoRGB
Источник данных psbo
801 #1 - ИСТОЧНИК ЗАПИСИ
Страна Российская Федерация
Организация ProSoft-M
Источник данных rusmarc
852 ## - МЕСТОНАХОЖДЕНИЕ И ШИФР ХРАНЕНИЯ
Идентификатор организации NLR
Шифр хранения (Call Number) 38.25.8.80
852 ## - МЕСТОНАХОЖДЕНИЕ И ШИФР ХРАНЕНИЯ
Идентификатор организации NLR
Наименование фонда или коллекции (Sub-Location Identifier) Мф
Шифр хранения (Call Number) К1/17623
942 ## - ДОПОЛНИТЕЛЬНЫЕ ЭЛЕМЕНТЫ ЗАПИСИ (АБИС)
Тип экземпляра АБИС Книга
980 ## - КОЛЛЕКЦИЯ
Название коллекции Национальная библиография
Экземпляры
Тип экземпляра Дата поступления Библиотека постоянного хранения Библиотека текущего хранения Место хранения Шифр хранения Штрих-код Статус экземпляра
Книга 26.10.2013 РНБ (Московский) РНБ (Московский) Фонд микроформ Мф К1/17623 4985975-20  
Книга 26.10.2013 РНБ (Садовая) РНБ (Садовая) Русский книжный фонд -Главное здание, Ленинский читальный зал 38.25.8.80 4985975-10